Statistiques concernant Ils ont un point commun version Manga #2

Cliquez ici pour prendre le quiz!

Statistiques générales

  • Ce quiz a été pris 327 fois
  • Le résultat moyen est 11 sur 15

Statistiques - réponses

HintRéponse% Correct
Roronoa ZoroCheveux verts
93%
NatsuMaîtrise du Feu
92%
TsunadeHokage
90%
GokuSaiyan
87%
..... PeriodBlue
84%
LDeath Note
82%
Spy x FamilyEspions
79%
Ponyo sur la falaiseGhibli
79%
Killer BeeHôtes
73%
BerserkSeinen
71%
Call of the nightVampires
68%
Re:ZeroRéincarnation
65%
AlbatorPirates
62%
Shinichi KudoDétectives
47%
TsugaiHiromu Arakawa
38%

Distribution des résultats

Percentile par nombre de réponses

% des personnes avec chaque résultat

Votre développement - résultats

Vous n’avez pas pris ce quiz